[Event "35. DSenEM 65+"]
[Site "Bad Wildungen"]
[Date "2023.07.17"]
[Round "1.26"]
[White "Rydzewski, Klaus"]
[Black "Abel, Hans-Peter"]
[Result "1/2-1/2"]
[WhiteElo "2089"]
[BlackElo "1761"]
[Annotator "hugo5"]
[PlyCount "125"]
[EventDate "2023.??.??"]
[WhiteTeam "Schachverein Horst-Emscher 31"]
[BlackTeam "SC Leinfelden"]

{[%evp 0,125,50,39,43,6,12,18,20,1,11,20,7,19,68,40,41,48,41,41,43,42,35,35,35,15,28,4,42,32,42,48,33,31,31,34,38,31,61,56,72,72,49,58,51,20,15,0,0,22,39,28,126,126,114,122,127,105,134,46,133,115,129,130,130,134,111,117,111,111,114,125,143,169,150,59,93,84,94,94,128,118,125,79,81,55,68,72,115,105,102,109,107,93,119,118,124,122,125,120,157,120,118,67,60,57,57,57,86,93,77,76,73,66,60,66,66,61,68,83,77,5,58,58,58,3,3,0]} 1. e4 c5 2. c3 Nf6 3. e5 Nd5 4. Nf3 e6 5. d4 cxd4 6. cxd4 b6 7. Bd3 Bb4+ 8. Bd2 Bxd2+ 9. Nbxd2 Ba6 10. Ne4 O-O 11. Bxa6 Nxa6 12. Qe2 Nab4 13. O-O h6 14. Qd2 Rc8 15. a3 Nc6 16. Nd6 Rb8 17. Rac1 Qe7 18. Rfe1 Kh7 19. Qd3+ g6 20. Ne4 f5 21. exf6 Nxf6 22. Ng3 Nd5 23. h4 Qf6 24. h5 Nf4 25. Qe4 Ne7 26. Rc7 Rbd8 27. Rxa7 Nh3+ 28. Kf1 Ng5 29. hxg6+ Nxg6 30. Nxg5+ hxg5 31. f3 Qf4 32. Kf2 Qxe4 33. Rxe4 Nf4 34. Ne2 Nd3+ 35. Kg3 Rf6 36. b3 Kg6 37. Re3 Nf4 38. Nc3 Rf5 39. Rb7 Nd5 40. Nxd5 Rxd5 41. Rd3 b5 42. Ra7 Kf5 43. Kf2 e5 44. Ke3 d6 45. g4+ Ke6 46. Ke4 Rf8 47. Re7+ Kxe7 48. Kxd5 exd4 49. Kxd4 Rf4+ 50. Kd5 Kd7 51. Rc3 b4 52. axb4 Rxb4 53. Re3 Rf4 54. Re6 Rxf3 55. Rxd6+ Kc7 56. Rg6 Rxb3 57. Ke5 Kd7 58. Rxg5 Ke7 59. Rg7+ Kf8 60. Ra7 Rf3 61. g5 Rf1 62. Ra6 Kg7 63. Rf6 1/2-1/2

[Event "35. DSenEM 65+"]
[Site "Bad Wildungen"]
[Date "2023.07.17"]
[Round "1.27"]
[White "Schmieder, Wolfgang Ernst"]
[Black "Schober, Ralf"]
[Result "1/2-1/2"]
[WhiteElo "1754"]
[BlackElo "2089"]
[PlyCount "80"]
[EventDate "2023.??.??"]
[WhiteTeam "SK Hofgeismar"]
[BlackTeam "SV 1919 Grimma"]

1. d4 Nf6 2. g3 d6 3. Bg2 g6 4. Nf3 Bg7 5. b3 O-O 6. Bb2 Nbd7 7. O-O c6 8. Nbd2 Qc7 9. c4 e5 10. dxe5 Nxe5 11. Nxe5 dxe5 12. Ne4 Nxe4 13. Bxe4 Bh3 14. Bg2 Bf5 15. e4 Be6 16. Qe2 Rfd8 17. Rfd1 Rxd1+ 18. Rxd1 Rd8 19. Rxd8+ Qxd8 20. Bc1 a5 21. Qd2 Qd4 22. h4 Bf8 23. Kh2 Bb4 24. Qe2 h5 25. Bb2 Qd6 26. Bh3 Bxh3 27. Kxh3 Bc5 28. Kg2 Bd4 29. Qd2 Qb4 30. Qxb4 axb4 31. Bxd4 exd4 32. c5 Kf8 33. Kf1 Ke7 34. Ke2 Kd7 35. Kd3 b5 36. Kxd4 Ke6 37. f4 f6 38. Ke3 f5 39. Kd4 Kf6 40. e5+ Ke6 1/2-1/2

[Event "35. DSenEM 65+"]
[Site "Bad Wildungen"]
[Date "2023.07.17"]
[Round "1.28"]
[White "Namyslo, Holger"]
[Black "Zechel, Rolf-Ruediger"]
[Result "1-0"]
[WhiteElo "2085"]
[BlackElo "1731"]
[PlyCount "47"]
[EventDate "2023.??.??"]
[WhiteTeam "TG Biberach 1847 e.V."]
[BlackTeam "SK Kaltenkirchen"]

1. e4 c5 2. Nf3 d6 3. d4 cxd4 4. Nxd4 Nf6 5. Nc3 Nc6 6. Bg5 e6 7. Qd2 a6 8. O-O-O Bd7 9. f4 h6 10. Bxf6 Qxf6 11. Nf3 Qd8 12. Bd3 Be7 13. g4 b5 14. h4 b4 15. Ne2 a5 16. g5 a4 17. Kb1 b3 18. a3 d5 19. exd5 exd5 20. Qc3 O-O 21. gxh6 Bf6 22. Ne5 bxc2+ 23. Bxc2 Rc8 24. Qd3 1-0

[Event "35. DSenEM 65+"]
[Site "Bad Wildungen"]
[Date "2023.07.17"]
[Round "1.29"]
[White "Dorn, Hans-Juergen"]
[Black "Kannenberg, Karl-Heinz"]
[Result "1/2-1/2"]
[WhiteElo "1729"]
[BlackElo "2081"]
[PlyCount "97"]
[EventDate "2023.??.??"]
[WhiteTeam "Schachclub Bayer Uerdingen 1923"]
[BlackTeam "SC Kitzingen von 1905"]

1. d4 d5 2. Nf3 Nf6 3. e3 e6 4. Bd3 c5 5. c3 Nbd7 6. O-O Bd6 7. Nbd2 O-O 8. e4 cxd4 9. cxd4 dxe4 10. Nxe4 Nxe4 11. Bxe4 Nf6 12. Bc2 Bd7 13. Bg5 Bc6 14. Ne5 Bxe5 15. dxe5 Qd5 16. Qxd5 Nxd5 17. a3 h6 18. Bd2 Rfd8 19. Bb3 Rd7 20. Bxd5 Rxd5 21. Bc3 Rad8 22. Rfe1 Kh7 23. g3 Kg6 24. Rac1 Kf5 25. Re3 R8d7 26. Rce1 Rd8 27. f3 h5 28. Kf2 g5 29. Re4 Rd3 30. R4e3 R3d7 31. Rg1 g4 32. fxg4+ hxg4 33. Rge1 Rh8 34. Kg1 Rh3 35. R3e2 Bf3 36. Rd2 Rc7 37. Rd4 Kg6 38. Rd8 Kg7 39. Re3 Rc4 40. Re1 Rc5 41. Re3 Rc4 42. Re1 Rh8 43. Rxh8 Kxh8 44. Kf2 Bd5 45. Re3 Kh7 46. Rd3 Kg6 47. Rd4 Kf5 48. Rxc4 Bxc4 49. Ke3 1/2-1/2

[Event "35. DSenEM 65+"]
[Site "Bad Wildungen"]
[Date "2023.07.17"]
[Round "1.30"]
[White "Schmidt, Gerhard"]
[Black "Thielemann, Joachim"]
[Result "1-0"]
[WhiteElo "2071"]
[BlackElo "1727"]
[PlyCount "87"]
[EventDate "2023.??.??"]
[WhiteTeam "Schachverein Kreuztal e. V."]
[BlackTeam "SV Eutin von 1875"]

1. e4 e5 2. Nf3 Nc6 3. Bb5 Bc5 4. c3 d6 5. d4 exd4 6. cxd4 Bb4+ 7. Nc3 Bd7 8. O-O Nge7 9. a3 Ba5 10. Bc4 O-O 11. h3 Bb6 12. b4 a6 13. Re1 Rc8 14. Bg5 h6 15. Be3 Ng6 16. Qd2 Kh7 17. Rad1 Nce7 18. Qa2 Qe8 19. Qe2 f5 20. Ng5+ Kh8 21. exf5 Rxf5 22. Bd3 hxg5 23. Qh5+ Kg8 24. Bxf5 Bxf5 25. Bxg5 Qf7 26. Qf3 c6 27. Bxe7 Nxe7 28. Rxe7 Qxe7 29. Qxf5 Rf8 30. Qe4 Qf6 31. Qe2 d5 32. Na4 Bd8 33. Nc5 Rf7 34. Nd7 Rxd7 35. Qg4 Kh7 36. Qxd7 Bb6 37. Qg4 Kg8 38. h4 a5 39. h5 axb4 40. axb4 Kf7 41. Rd3 Ba7 42. g3 Qe7 43. Qg6+ Kg8 44. Rf3 1-0

[Event "35. DSenEM 65+"]
[Site "Bad Wildungen"]
[Date "2023.07.17"]
[Round "1.31"]
[White "Krum, Beate"]
[Black "Haubt, Georg"]
[Result "0-1"]
[WhiteElo "1717"]
[BlackElo "2074"]
[PlyCount "56"]
[EventDate "2023.??.??"]
[WhiteTeam "SG Heidelberg-Kirchheim"]
[BlackTeam "SV Oberursel"]

1. d4 Nf6 2. c4 g6 3. Nc3 d5 4. e3 Bg7 5. Nf3 O-O 6. b3 b6 7. Ba3 Bb7 8. Rc1 a6 9. Be2 Re8 10. O-O Nbd7 11. cxd5 Nxd5 12. Qc2 Nxc3 13. Qxc3 c5 14. Bb2 Rc8 15. Qd2 cxd4 16. Rxc8 Qxc8 17. Bxd4 e5 18. Ba1 Nc5 19. Rd1 Bf6 20. Ne1 Qf5 21. f3 Bg5 22. b4 Ne6 23. g4 Qf6 24. Qd7 Bxe3+ 25. Kg2 Nf4+ 26. Kf1 Bc6 27. g5 Bxd7 28. gxf6 Bh3+ 0-1

[Event "35. DSenEM 65+"]
[Site "Bad Wildungen"]
[Date "2023.07.17"]
[Round "1.32"]
[White "Zimmermann, Rolf"]
[Black "Wenske, Hardy"]
[Result "1/2-1/2"]
[WhiteElo "2067"]
[BlackElo "1710"]
[PlyCount "138"]
[EventDate "2023.??.??"]
[WhiteTeam "Duesseldorfer Schachklub 14/25 e"]
[BlackTeam "Kieler SG von 1884"]

1. c4 e6 2. d4 d5 3. Nc3 c6 4. e3 Nf6 5. a3 Bd6 6. c5 Bc7 7. f4 Nbd7 8. Nf3 b6 9. b4 Bb7 10. Bd2 b5 11. a4 a6 12. Bd3 Qb8 13. O-O g6 14. h3 Bd8 15. Ne5 Qc8 16. axb5 axb5 17. Nxb5 cxb5 18. Bxb5 Ba6 19. Bxa6 Rxa6 20. Qe2 Rxa1 21. Rxa1 Nxe5 22. fxe5 Ne4 23. Be1 O-O 24. b5 Nxc5 25. Rc1 Bb6 26. dxc5 Bxc5 27. Bb4 Bxb4 28. Rxc8 Rxc8 29. b6 Bc5 30. Qb2 Bxe3+ 31. Kf1 Bxb6 32. Qxb6 Rc4 33. Kf2 Re4 34. Qd8+ Kg7 35. Qf6+ Kg8 36. Kf3 h5 37. g4 hxg4+ 38. hxg4 Rc4 39. Kg3 Rc1 40. Qf3 Rc2 41. Qh1 d4 42. Qa8+ Kg7 43. Qd8 Rd2 44. Kf4 d3 45. Qh4 Rd1 46. Ke3 d2 47. Qg3 Ra1 48. Kxd2 Ra2+ 49. Ke1 Ra1+ 50. Kf2 Ra2+ 51. Kg1 Rc2 52. Qd3 Ra2 53. Qb3 Rd2 54. Kf1 Rh2 55. Kg1 Re2 56. Kf1 Rh2 57. Qe3 Ra2 58. g5 Rb2 59. Qe2 Rxe2 60. Kxe2 Kf8 61. Kd3 Ke7 62. Kc4 Kd7 63. Kb5 Kc7 64. Kc5 Kd7 65. Kb6 Kc8 66. Kc6 Kd8 67. Kd6 Ke8 68. Kc6 Kd8 69. Kd6 Ke8 1/2-1/2

[Event "35. DSenEM 65+"]
[Site "Bad Wildungen"]
[Date "2023.07.17"]
[Round "1.33"]
[White "Chevelevitch, Evgueni"]
[Black "Allgaier, Erik"]
[Result "1-0"]
[WhiteElo "2368"]
[BlackElo "1925"]
[Annotator "hugo5"]
[PlyCount "71"]
[EventDate "2023.??.??"]
[WhiteTeam "Hamburger SK von 1830 eV"]
[BlackTeam "Schachclub Hans Clauert Trebbin"]

{[%evp 0,37,23,32,75,79,79,75,85,45,45,45,45,31,31,35,37,30,50,46,43,36,91,70,79,83,76,74,183,19,93,74,117,160,217,237,336,334,352,378]} 1. e4 d6 2. d4 Nf6 3. Nc3 e5 4. Nf3 exd4 5. Nxd4 Be7 6. g3 O-O 7. Bg2 a5 8. O-O Na6 9. h3 Bd7 10. Be3 Rb8 11. a4 Nc5 12. g4 c6 13. f4 Ne8 14. Kh1 g6 15. Qd2 Ne6 16. Nde2 Qc7 17. Rad1 Rd8 18. f5 N6g7 19. Bd4 f6 20. Qh6 g5 21. h4 gxh4 22. Rd3 d5 23. Rh3 dxe4 24. Rxh4 Kf7 25. Qxh7 Rg8 26. Nxe4 c5 27. Qg6+ Kf8 28. Nxf6 Bxf6 29. Bxf6 Bc6 30. Bxd8 Qxd8 31. f6 Bxg2+ 32. Kxg2 Qd5+ 33. Kg1 Ne6 34. Qxg8+ Kxg8 35. f7+ Kf8 36. Rh8+ 1-0

[Event "35. DSenEM 65+"]
[Site "Bad Wildungen"]
[Date "2023.07.17"]
[Round "1.34"]
[White "Brock, Friedemann"]
[Black "Wulf, Adalbert"]
[Result "1-0"]
[WhiteElo "2175"]
[BlackElo "1833"]
[PlyCount "83"]
[EventDate "2023.??.??"]
[WhiteTeam "TSG 1861 Taucha"]
[BlackTeam "Schachverein Ennigerloh-Oelde"]

1. d4 d6 2. e4 c6 3. Nc3 Qc7 4. f4 e5 5. Nf3 Bg4 6. Be3 Nd7 7. h3 Bxf3 8. Qxf3 Ngf6 9. g4 h6 10. O-O-O exf4 11. Bxf4 O-O-O 12. Bc4 Nb6 13. Bb3 Nh7 14. h4 f6 15. Be6+ Kb8 16. d5 Be7 17. dxc6 bxc6 18. Bg3 Nf8 19. Bb3 Nfd7 20. Qf5 Ne5 21. h5 Nbc4 22. Bxc4 Nxc4 23. Rd4 Ne5 24. Rhd1 Qc8 25. Bxe5 fxe5 26. Rb4+ Ka8 27. Qf7 Bg5+ 28. Kb1 Qd7 29. Qc4 Rb8 30. a3 Rhf8 31. Rxb8+ Rxb8 32. Na4 Bf6 33. Rd3 Rb7 34. Nc5 dxc5 35. Rxd7 Rxd7 36. Qxc5 Kb7 37. c3 Rd1+ 38. Ka2 Rd3 39. a4 Rd7 40. a5 Rc7 41. b4 Rd7 42. a6+ 1-0

[Event "35. DSenEM 65+"]
[Site "Bad Wildungen"]
[Date "2023.07.17"]
[Round "1.35"]
[White "Szenetra, Werner"]
[Black "Pundt, Wilfried"]
[Result "1-0"]
[WhiteElo "2160"]
[BlackElo "1822"]
[PlyCount "69"]
[EventDate "2023.??.??"]
[WhiteTeam "SV Berenbostel"]
[BlackTeam "SK Bremen-Nord"]

1. Nf3 Nf6 2. g3 g6 3. Bg2 Bg7 4. O-O O-O 5. d3 d5 6. Nbd2 Nc6 7. e4 e5 8. exd5 Nxd5 9. c3 h6 10. Re1 Be6 11. Nc4 Bg4 12. Qb3 Rb8 13. Nfxe5 Nxe5 14. Nxe5 Be6 15. Qc2 Qd6 16. Nc4 Qd7 17. Ne5 Qd6 18. Nc4 Qd7 19. Ne3 Rbd8 20. Nxd5 Bxd5 21. Bxd5 Qxd5 22. d4 b5 23. a4 b4 24. Be3 Qc4 25. Qd2 bxc3 26. bxc3 c5 27. Bxh6 cxd4 28. Bxg7 Kxg7 29. cxd4 Rxd4 30. Qe2 Rfd8 31. Qxc4 Rxc4 32. Re7 a5 33. Re5 Rdd4 34. Rxa5 Rxa4 35. R5xa4 1-0

[Event "35. DSenEM 65+"]
[Site "Bad Wildungen"]
[Date "2023.07.17"]
[Round "1.36"]
[White "Schubert, Hans-Joachim"]
[Black "Tuertmann, Dieter"]
[Result "0-1"]
[WhiteElo "1534"]
[BlackElo "1953"]
[PlyCount "74"]
[EventDate "2023.??.??"]
[WhiteTeam "Schachgruppe Rochade Disteln"]
[BlackTeam "ESV 1949 Eberswalde e.V."]

1. d4 e6 2. Nf3 d6 3. e3 Nd7 4. Bd3 Be7 5. a3 Bf6 6. c3 Ne7 7. O-O Ng6 8. Nbd2 e5 9. Qc2 Ndf8 10. Ne4 Be7 11. Ng3 c6 12. e4 Ne6 13. Nh5 O-O 14. b4 Qc7 15. Be3 Nef4 16. Nxf4 exf4 17. Bd2 Bg4 18. Be2 Bxf3 19. Bxf3 Bg5 20. Qd3 Qe7 21. Rae1 Rad8 22. Qe2 Rde8 23. Qd1 a5 24. Bc1 Qd8 25. c4 Nh4 26. d5 Ng6 27. Bb2 Bf6 28. Bxf6 Qxf6 29. dxc6 bxc6 30. Re2 Ne5 31. Rc2 Ra8 32. Qe2 Rfd8 33. Rd1 g6 34. g3 fxg3 35. fxg3 Qxf3 36. Qxf3 Nxf3+ 37. Kg2 Ne5 0-1

[Event "35. DSenEM 65+"]
[Site "Bad Wildungen"]
[Date "2023.07.17"]
[Round "1.37"]
[White "Wagner, Guenter"]
[Black "Keller, Harald"]
[Result "0-1"]
[WhiteElo "1709"]
[BlackElo "2040"]
[PlyCount "62"]
[EventDate "2023.??.??"]
[WhiteTeam "SV 1946 Gross-Gerau"]
[BlackTeam "SV Rottweil"]

1. Nf3 Nf6 2. g3 b6 3. Bg2 Bb7 4. O-O e6 5. d3 d5 6. Nbd2 Bd6 7. c4 O-O 8. Re1 Nbd7 9. cxd5 exd5 10. d4 c5 11. b3 cxd4 12. Bb2 d3 13. exd3 Nc5 14. Qb1 Rc8 15. d4 Nce4 16. Nf1 Ng4 17. Re2 Ba6 18. Rc2 Rxc2 19. Qxc2 Ngxf2 20. Ne3 Bd3 21. Qc6 Qb8 22. Ne5 Bxe5 23. dxe5 Ba6 24. Qxd5 Rd8 25. Qc6 Bb7 26. Qc4 Nd2 27. Qe2 Bxg2 28. Qxf2 Ba8 29. Rd1 Qb7 30. Qe2 Qh1+ 31. Kf2 Ne4# 0-1

[Event "35. DSenEM 65+"]
[Site "Bad Wildungen"]
[Date "2023.07.17"]
[Round "1.38"]
[White "Neumann, Joachim"]
[Black "Peter, Volkhard"]
[Result "1-0"]
[WhiteElo "2032"]
[BlackElo "1707"]
[PlyCount "57"]
[EventDate "2023.??.??"]
[WhiteTeam "SC Agon Neumuenster"]
[BlackTeam "SV Einheit Schwerin"]

1. Nf3 b5 2. g3 Bb7 3. Bg2 Nf6 4. d3 e5 5. O-O d6 6. e4 Nbd7 7. c3 Be7 8. Nh4 Ng8 9. Nf5 Bf6 10. a4 a6 11. axb5 axb5 12. Rxa8 Bxa8 13. Na3 g6 14. Ne3 c6 15. c4 b4 16. Nac2 c5 17. Nd5 Bxd5 18. cxd5 Bg7 19. Ne3 Ne7 20. Nc4 Nb6 21. Nxb6 Qxb6 22. Qa4+ Kd8 23. Bh3 f5 24. exf5 gxf5 25. Bg5 Rf8 26. Ra1 Qb7 27. Qa8+ Qxa8 28. Rxa8+ Kd7 29. Ra7+ 1-0

[Event "35. DSenEM 65+"]
[Site "Bad Wildungen"]
[Date "2023.07.17"]
[Round "1.39"]
[White "Moews, Harald"]
[Black "Galow, Wolfgang Paul"]
[Result "1/2-1/2"]
[WhiteElo "1704"]
[BlackElo "2018"]
[PlyCount "47"]
[EventDate "2023.??.??"]
[WhiteTeam "Ahrensburger TSV"]
[BlackTeam "FC Bayern Muenchen e.V."]

1. e4 e6 2. d4 d5 3. exd5 exd5 4. Nf3 Bg4 5. Be2 Bd6 6. h3 Bh5 7. O-O Ne7 8. Bg5 f6 9. Be3 Nf5 10. Qd2 Nc6 11. g4 Qd7 12. gxh5 O-O-O 13. Kg2 Rde8 14. Nc3 Nxe3+ 15. fxe3 Qf5 16. Ng1 Qg5+ 17. Bg4+ Kb8 18. Rf5 Qh6 19. Nxd5 Re4 20. c3 Rhe8 21. Raf1 Nd8 22. Bf3 R4e6 23. Bg4 Rxe3 24. Qd1 1/2-1/2

[Event "35. DSenEM 65+"]
[Site "Bad Wildungen"]
[Date "2023.07.17"]
[Round "1.40"]
[White "Paus, Franz"]
[Black "Berger, Volkmar"]
[Result "1-0"]
[WhiteElo "2014"]
[BlackElo "1698"]
[PlyCount "85"]
[EventDate "2023.??.??"]
[WhiteTeam "Schachfuechse Kempen 1986 e. V."]
[BlackTeam "Schachclub Senioren Cottbus"]

1. d4 d6 2. c4 g6 3. Nc3 Bg7 4. e4 Nc6 5. Be3 Nf6 6. Be2 e5 7. d5 Ne7 8. g4 h5 9. g5 Nd7 10. Qd2 b6 11. h3 a5 12. Nf3 Nc5 13. Qc2 Bd7 14. Nd2 a4 15. Nb5 O-O 16. O-O-O Nc8 17. Na3 Ne7 18. Rdg1 Kh7 19. Qd1 Rc8 20. Kb1 c6 21. Bxc5 bxc5 22. Ka1 Qb6 23. Qxa4 Ra8 24. Qc2 Rfb8 25. Rg3 cxd5 26. Rb3 Qa6 27. Rxb8 Rxb8 28. Ndb1 dxe4 29. Rd1 Bf5 30. Qd2 Qb7 31. Nb5 Nc8 32. N1c3 Bxh3 33. Nd5 Bf5 34. Nf6+ Bxf6 35. gxf6 e3 36. Qxe3 Qd7 37. Rh1 Bg4 38. f3 Bf5 39. Qg5 Bh3 40. Qg3 Qe6 41. Qxh3 Qxf6 42. Bd3 Ne7 43. Qxh5+ 1-0

[Event "35. DSenEM 65+"]
[Site "Bad Wildungen"]
[Date "2023.07.17"]
[Round "1.41"]
[White "Hassler, Rolf"]
[Black "Boeven, Manfred"]
[Result "0-1"]
[WhiteElo "1695"]
[BlackElo "2007"]
[PlyCount "148"]
[EventDate "2023.??.??"]
[WhiteTeam "Hellertaler Schachfreunde 1954"]
[BlackTeam "Schachfreunde Geilenkirchen 1984"]

1. e4 c5 2. Nc3 e6 3. g3 d5 4. Bg2 d4 5. Nce2 Nc6 6. d3 Nf6 7. h3 Bd6 8. f4 e5 9. Nf3 Rb8 10. O-O b5 11. f5 c4 12. g4 h6 13. Ng3 Ba6 14. g5 hxg5 15. Bxg5 b4 16. Nh2 Be7 17. Nf3 Qd6 18. Re1 Nd7 19. Bxe7 Qxe7 20. dxc4 Bxc4 21. b3 Bb5 22. Qc1 a5 23. a3 Rc8 24. a4 Ba6 25. Qd2 Nd8 26. Rac1 Nb7 27. Qf2 Nbc5 28. Bf1 Bxf1 29. Qxf1 Rc6 30. Re2 Nf6 31. Nd2 Nh5 32. Nxh5 Rxh5 33. Rg2 Rxh3 34. Qb5 Qb7 35. Qxb7 Nxb7 36. Nc4 Rch6 37. Re1 Rh1+ 38. Kf2 Rxe1 39. Kxe1 Rh4 40. Re2 f6 41. Kd2 Kf7 42. Kd1 g5 43. fxg6+ Kxg6 44. Rg2+ Kf7 45. Re2 Ke6 46. Rg2 Nd6 47. Nxa5 Nxe4 48. Nc6 Rh1+ 49. Ke2 Nc3+ 50. Kd3 Nd5 51. Rf2 Kd6 52. Na5 Rh3+ 53. Kc4 Rc3+ 54. Kb5 e4 55. Nc4+ Ke6 56. a5 e3 57. Re2 Kd7 58. Nb6+ Nxb6 59. axb6 Kc8 60. Rh2 Kb8 61. Ka6 Rc8 62. Kb5 Re8 63. Re2 f5 64. Kc4 Rd8 65. Kd3 Kb7 66. Rg2 Kxb6 67. Rg6+ Kc5 68. Rf6 Rd5 69. Rf8 Re5 70. Ke2 Kd5 71. Rb8 Ke4 72. Rxb4 f4 73. c3 f3+ 74. Ke1 Rd5 0-1

[Event "35. DSenEM 65+"]
[Site "Bad Wildungen"]
[Date "2023.07.17"]
[Round "1.42"]
[White "Ehlert, Horst"]
[Black "Jacob, Karl-Heinz"]
[Result "1-0"]
[WhiteElo "2001"]
[BlackElo "1687"]
[PlyCount "119"]
[EventDate "2023.??.??"]
[WhiteTeam "SV Laatzen"]
[BlackTeam "SG 1951 Sonneberg"]

1. c4 f5 2. Nc3 Nf6 3. g3 e6 4. Bg2 c6 5. Nf3 d5 6. b3 Be7 7. O-O O-O 8. d4 Qe8 9. Ne5 Nbd7 10. f4 Nxe5 11. fxe5 Ne4 12. Nxe4 fxe4 13. Rxf8+ Qxf8 14. Bd2 Bd7 15. c5 Qf7 16. b4 Rf8 17. Be3 a6 18. Qd2 Qe8 19. Bg5 Bxg5 20. Qxg5 Rf5 21. Qe3 Qd8 22. a3 Qc8 23. a4 Qd8 24. Rb1 Rf8 25. Bh3 Qe8 26. Qg5 Qd8 27. Qxd8 Rxd8 28. e3 Kf7 29. Bf1 Ra8 30. h4 Ke7 31. Rb3 Kf7 32. Be2 Ke7 33. Kg2 g6 34. Rb2 h6 35. g4 Kf7 36. Rb3 Ke7 37. Kg3 Kf7 38. g5 h5 39. Rb2 Ke7 40. Bf1 Rf8 41. Be2 Ra8 42. b5 axb5 43. axb5 Ra3 44. Kf2 Ra1 45. bxc6 Bxc6 46. Bb5 Bxb5 47. Rxb5 Ra2+ 48. Ke1 Ra7 49. Kd2 Ra2+ 50. Kc3 Re2 51. Rxb7+ Kd8 52. c6 Rxe3+ 53. Kb4 Kc8 54. Kc5 Rc3+ 55. Kd6 e3 56. Rb2 Rc4 57. Re2 Rxd4 58. Rxe3 Rxh4 59. Rf3 Kb8 60. Rf8+ 1-0

[Event "35. DSenEM 65+"]
[Site "Bad Wildungen"]
[Date "2023.07.17"]
[Round "1.43"]
[White "Schneidereit, Manfred"]
[Black "Gollasch, Theo-Heinz"]
[Result "0-1"]
[WhiteElo "1678"]
[BlackElo "1997"]
[PlyCount "78"]
[EventDate "2023.??.??"]
[WhiteTeam "Jueterbog"]
[BlackTeam "Hamburger SK von 1830 eV"]

1. c4 Nf6 2. g3 c5 3. Bg2 Nc6 4. Nc3 e6 5. e3 Nb4 6. d3 d6 7. Nge2 Be7 8. a3 Na6 9. O-O O-O 10. Bd2 Nc7 11. b4 Rb8 12. b5 d5 13. Qc2 d4 14. Ne4 Nxe4 15. Bxe4 e5 16. Bg2 Bg4 17. f3 dxe3 18. Bxe3 Bf5 19. Rfd1 Qd7 20. f4 f6 21. Nc3 Ne6 22. Nd5 exf4 23. Nxf4 Nxf4 24. Bxf4 Bd6 25. Bd5+ Kh8 26. Qf2 Bxf4 27. Qxf4 Be6 28. Bxe6 Qxe6 29. Qe4 Qd7 30. d4 Rfe8 31. Qf4 cxd4 32. Rxd4 Qe7 33. Rad1 Rbc8 34. Qf3 h6 35. Rd7 Qc5+ 36. R1d4 Rc7 37. Qg4 Rxd7 38. Qxd7 Re4 39. Qd5 Qxd4+ 0-1

[Event "35. DSenEM 65+"]
[Site "Bad Wildungen"]
[Date "2023.07.17"]
[Round "1.44"]
[White "Falk, Thomas"]
[Black "Huber, Helmut"]
[Result "1-0"]
[WhiteElo "1996"]
[BlackElo "1661"]
[PlyCount "111"]
[EventDate "2023.??.??"]
[WhiteTeam "SV Oberursel"]
[BlackTeam "Brackweder Schachklub von 1924"]

1. Nf3 Nf6 2. c4 e6 3. g3 d5 4. d4 Be7 5. Bg2 Nbd7 6. Nbd2 c6 7. Qc2 O-O 8. O-O Re8 9. b3 dxc4 10. Nxc4 c5 11. Rd1 cxd4 12. Nxd4 a6 13. Bb2 Rb8 14. Rac1 Bc5 15. e3 Qe7 16. Ne5 Ba3 17. Nc4 Bxb2 18. Nxb2 Nb6 19. Nc4 Nxc4 20. Qxc4 e5 21. Ne2 Bg4 22. f3 Bh5 23. g4 Bg6 24. e4 Red8 25. Rxd8+ Rxd8 26. Qc5 Qe8 27. Kf2 h5 28. g5 Nh7 29. h4 f5 30. exf5 Bxf5 31. Rc3 Rd2 32. Re3 Qd7 33. Qxe5 Bg6 34. f4 Nf8 35. Be4 Bxe4 36. Qxe4 Qg4 37. f5 Qxe4 38. Rxe4 Rxa2 39. Rb4 b5 40. Kf3 Nd7 41. Nf4 Nc5 42. g6 Rb2 43. Nxh5 Rxb3+ 44. Rxb3 Nxb3 45. Kf4 a5 46. f6 gxf6 47. Nxf6+ Kg7 48. Kg5 Nd4 49. Nh5+ Kg8 50. Nf6+ Kg7 51. Ne8+ Kg8 52. h5 Ne6+ 53. Kf6 Nf4 54. h6 Nh5+ 55. Kg5 Ng3 56. Nf6+ 1-0

[Event "35. DSenEM 65+"]
[Site "Bad Wildungen"]
[Date "2023.07.17"]
[Round "1.45"]
[White "Beisinghoff, Rudolf"]
[Black "Biller, Helmut"]
[Result "1-0"]
[WhiteElo "1610"]
[BlackElo "1980"]
[PlyCount "53"]
[EventDate "2023.??.??"]
[WhiteTeam "SV Anderssen Arolsen"]
[BlackTeam "SF Frankfurt 1921"]

1. e4 e5 2. Nf3 Nc6 3. Bc4 Bc5 4. b4 Bxb4 5. c3 Ba5 6. d4 d6 7. Qb3 Qd7 8. O-O Nf6 9. dxe5 Nxe4 10. Ba3 O-O 11. Re1 Nc5 12. Bxc5 dxc5 13. e6 Qd6 14. exf7+ Kh8 15. Na3 Bb6 16. Rad1 Qf6 17. Re8 Bg4 18. Rxa8 Rxa8 19. Re1 Rf8 20. Qc2 g6 21. Qe4 Bxf3 22. gxf3 Nd8 23. Nc2 c6 24. Qe8 Kg7 25. Qxf8+ Kxf8 26. Re8+ Kg7 27. Rg8+ 1-0

[Event "35. DSenEM 65+"]
[Site "Bad Wildungen"]
[Date "2023.07.17"]
[Round "1.46"]
[White "Zuehlke, Burkhard"]
[Black "Ross, Heinrich"]
[Result "1-0"]
[WhiteElo "1980"]
[BlackElo "1602"]
[PlyCount "45"]
[EventDate "2023.??.??"]
[WhiteTeam "SGem 1882 Fuerth"]
[BlackTeam "SG Springer Burghaun"]

1. d4 d5 2. c4 c6 3. cxd5 Nf6 4. Nc3 Nxd5 5. e4 Nb6 6. Nf3 Bg4 7. Be3 e6 8. Be2 Bb4 9. Qb3 N8d7 10. Qxb4 a5 11. Qd6 Bxf3 12. gxf3 Qh4 13. Qg3 Qxg3 14. fxg3 O-O 15. O-O h6 16. Rad1 Rfe8 17. Bf2 Nc8 18. d5 exd5 19. exd5 Ne5 20. dxc6 bxc6 21. f4 Ng6 22. Bf3 Nge7 23. Rfe1 1-0

[Event "35. DSenEM 65+"]
[Site "Bad Wildungen"]
[Date "2023.07.17"]
[Round "1.47"]
[White "Elkendorf, Werner"]
[Black "Krueger, Norbert"]
[Result "0-1"]
[WhiteElo "1578"]
[BlackElo "1971"]
[PlyCount "122"]
[EventDate "2023.??.??"]
[WhiteTeam "Schachfreunde Drensteinfurt e. V"]
[BlackTeam "Ratinger Schachklub 1950"]

1. d4 e6 2. Nf3 f5 3. Bf4 d6 4. e3 Nf6 5. Bd3 Be7 6. Nbd2 O-O 7. h3 b6 8. O-O Bb7 9. Bc4 d5 10. Bd3 Bd6 11. Ne5 Nbd7 12. Ndf3 Qe7 13. Qe2 c5 14. Ba6 Bxa6 15. Qxa6 Rfc8 16. c3 c4 17. Qb5 a6 18. Qa4 b5 19. Qd1 b4 20. Qc2 Nb6 21. b3 cxb3 22. axb3 Rxc3 23. Qd1 Qb7 24. Nd3 Be7 25. Ra5 Rac8 26. Bg5 h6 27. Bxf6 gxf6 28. Nf4 R8c6 29. Ng6 Bd6 30. Nf4 Bxf4 31. exf4 Nc8 32. Ra1 Nd6 33. Nh4 Rc2 34. Qh5 Qg7 35. Rfe1 Ne4 36. Qe8+ Kh7 37. Re3 Rc1+ 38. Rxc1 Rxc1+ 39. Kh2 Nxf2 40. g3 Ne4 41. Qxe6 Rc2+ 42. Ng2 Qb7 43. Qxf5+ Kg7 44. h4 Rc3 45. h5 Qf7 46. Qg4+ Kh8 47. Qe2 Qg7 48. g4 Qc7 49. Kh3 Rxe3+ 50. Nxe3 Qxf4 51. Nf1 a5 52. Kg2 Kg7 53. Qc2 Qxg4+ 54. Kh1 Qxh5+ 55. Nh2 Qd1+ 56. Qxd1 Nf2+ 57. Kg2 Nxd1 58. Nf3 Nc3 59. Nh4 a4 60. bxa4 b3 61. Nf3 Ne4 0-1

[Event "35. DSenEM 65+"]
[Site "Bad Wildungen"]
[Date "2023.07.17"]
[Round "1.48"]
[White "Bischoff, Ulrich"]
[Black "Bierwald, Martin"]
[Result "1-0"]
[WhiteElo "1912"]
[BlackElo "1540"]
[PlyCount "75"]
[EventDate "2023.??.??"]
[WhiteTeam "Sfr. Erbach"]
[BlackTeam "Koenigsspr. SC.1984 e.V."]

1. d4 Nf6 2. c4 g6 3. Nf3 Bg7 4. g3 O-O 5. Bg2 d6 6. O-O Bg4 7. Nc3 Nc6 8. d5 Bxf3 9. exf3 Ne5 10. Qe2 h6 11. f4 Ned7 12. Re1 Re8 13. Qc2 Nf8 14. Bd2 Rb8 15. Rad1 a6 16. a4 Kh8 17. Be3 Ng8 18. Ba7 Ra8 19. Bd4 Rb8 20. Bxg7+ Kxg7 21. Re3 Nd7 22. Rde1 Ndf6 23. Qe2 Kf8 24. g4 Nh7 25. h4 Kg7 26. g5 h5 27. f5 Kf8 28. fxg6 fxg6 29. Re6 Kg7 30. Qd3 Nf8 31. R1e3 Kh7 32. Bh3 Kg7 33. Rf3 Ra8 34. Qd4+ Nf6 35. gxf6+ exf6 36. Rxe8 Qxe8 37. Qxf6+ Kh7 38. Re3 1-0

[Event "35. DSenEM 65+"]
[Site "Bad Wildungen"]
[Date "2023.07.17"]
[Round "1.49"]
[White "Vasiljev, Jurij"]
[Black "Schumacher, Ursula"]
[Result "1-0"]
[WhiteElo "1953"]
[BlackElo "1531"]
[PlyCount "65"]
[EventDate "2023.??.??"]
[WhiteTeam "Schachfreunde Moers e. V."]
[BlackTeam "Bad Neuenahr"]

1. c4 c6 2. Nc3 Nf6 3. d4 d5 4. Nf3 h6 5. h3 Nbd7 6. Bf4 e6 7. e3 Be7 8. Qc2 O-O 9. Rb1 a6 10. c5 Ne8 11. Bd3 f5 12. Ne5 Nxe5 13. Bxe5 Bf6 14. Bh2 g6 15. O-O Qe7 16. Na4 e5 17. Nb6 Rb8 18. g4 fxg4 19. Bxg6 gxh3 20. Kh1 Ng7 21. Rg1 Kh8 22. Rbe1 Qe6 23. e4 dxe4 24. Qxe4 Bd7 25. dxe5 Bg5 26. Nxd7 Rbd8 27. Nxf8 Rxf8 28. f4 Be7 29. b4 Qxa2 30. f5 Bg5 31. e6 Qd5 32. Qxd5 cxd5 33. e7 1-0